Báo Slao Sli Tò Toóp

Đã lưu trong:
Chi tiết về thư mục
Tác giả khác: Mã Thế Vinh (Sưu tầm, biên dịch và giới thiệu)
Định dạng: Sách
Ngôn ngữ:Vietnamese
Được phát hành: H. Lao động 2011
Loạt:ĐTTS ghi: Hội văn nghệ dân gian Việt Nam
Các nhãn: Thêm thẻ
Không có thẻ, Là người đầu tiên thẻ bản ghi này!
Thư viện lưu trữ: Mạng thư viện Đại học Đà Nẵng
LEADER 00948nam a2200277 4500
001 000016043
003 12432
005 20120717100709.0
008 120717s2011 viesd
041 0 |a vie 
082 |a 895.9221  |b Bao 
245 0 |a Báo Slao Sli Tò Toóp  |c Mã Thế Vinh 
260 |a H.  |b Lao động  |c 2011 
300 |a 280 tr.  |c 21 cm. 
490 |a ĐTTS ghi: Hội văn nghệ dân gian Việt Nam 
700 |a Mã Thế Vinh  |e Sưu tầm, biên dịch và giới thiệu 
OWN |a LSP 
AVA |a UDN50  |b LSP  |d 895.9221 Bao  |e available  |t Error 5001 Not defined in file expand_doc_bib_avail.  |f 1  |g 0  |h N  |i 0  |k 1 
999 |a From the UDN01 
AVA |a UDN50  |b LSP  |d 895.9221 Bao  |e available  |t Error 5001 Not defined in file expand_doc_bib_avail.  |f 1  |g 0  |h N  |i 0  |k 1 
TYP |a Monograph 
TYP |a Printed language 
980 |a Mạng thư viện Đại học Đà Nẵng